|
|
|
|
| LEADER |
00813nas a2200217 i 4500 |
| 001 |
acta73649 |
| 005 |
20211105152726.0 |
| 008 |
211105s2020 hu o 0|| eng d |
| 022 |
|
|
|a 1417-3875
|
| 024 |
7 |
|
|a 10.14232/ejqtde.2020.1.88
|2 doi
|
| 040 |
|
|
|a SZTE Egyetemi Kiadványok Repozitórium
|b hun
|
| 041 |
|
|
|a eng
|
| 100 |
1 |
|
|a Das Ujjal
|
| 245 |
1 |
0 |
|a Existence results for a class of p-q Laplacian semipositone boundary value problems
|h [elektronikus dokumentum] /
|c Das Ujjal
|
| 260 |
|
|
|c 2020
|
| 300 |
|
|
|a 7
|
| 490 |
0 |
|
|a Electronic journal of qualitative theory of differential equations
|
| 695 |
|
|
|a Differenciálegyenlet - határérték probléma
|
| 700 |
0 |
1 |
|a Muthunayake Amila
|e aut
|
| 700 |
0 |
1 |
|a Shivaji Ratnasingham
|e aut
|
| 856 |
4 |
0 |
|u http://acta.bibl.u-szeged.hu/73649/1/ejqtde_2020_088.pdf
|z Dokumentum-elérés
|